000 00970nam0a22003011 4500
001 RU\NLR\bibl\425249
005 20260406162548.0
010 _a5-352-00426-0
_910000
021 _aRU
_b2003-37107
_91759
035 _a(NLR Aleph) 000419144
090 _a683770
_c683770
100 _a20030523d2003 |||y0rusy50 ca
101 1 _arus
_cjpn
102 _aRU
105 _ay |||||||||
200 1 _aШум прибоя
_e[Роман]
_fЮкио Мисима
_g[Пер. с яп. Александра Вялых]
210 _aСПб.
_cАзбука-классика
_d2003
215 _a154, [2] с.
_d18
686 _aШ6(5Я)67-440.4{Лх2318-50}
700 1 _4070
_7ca
_8rus
_aМисима
_bЮ.
_f1925-1970
_gЮкио
_9119356
_3RU\NLR\AUTH\779529
801 0 _aRU
_bNLR
_c20030801
_gPSBO
801 1 _aRU
_bNLR
_c20030801
852 _aNLR
_bОЛСАА-сл-спр
_j2-4558
942 _cBOOK
980 _aNB
980 1 _aSL_SPR